Математические тесты с классом правильных ответов; Современное образование: практико-ориентированные технологии подготовки инженерных кадров

Detaylı Bibliyografya
Parent link:Современное образование: практико-ориентированные технологии подготовки инженерных кадров.— 2015.— [С. 217-218]
Yazar: Томиленко В. А. Владимио Алексеевич
Müşterek Yazar: Национальный исследовательский Томский политехнический университет (ТПУ) Институт международного образования и языковой коммуникации (ИМОЯК) Кафедра междисциплинарная (МД)
Diğer Yazarlar: Усольцев Д. И. Дмитрий Иванович, Черепанов Д. Н. Дмитрий Николаевич
Özet:Заглавие с экрана
Рассматриваются тесты из задач с параметрами и классом правильных ответов.
Режим доступа: по договору с организацией-держателем ресурса
Dil:Rusça
Baskı/Yayın Bilgisi: 2015
Seri Bilgileri:Организация непрерывной математической подготовки, способствующей успешному освоению профессиональных дисциплин
Konular:
Online Erişim:https://www.elibrary.ru/item.asp?id=23351807
Materyal Türü: Elektronik Kitap Bölümü
KOHA link:https://koha.lib.tpu.ru/cgi-bin/koha/opac-detail.pl?biblionumber=646329

MARC

LEADER 00000naa0a2200000 4500
001 646329
005 20250604143234.0
035 |a (RuTPU)RU\TPU\network\11465 
090 |a 646329 
100 |a 20160225d2015 k y0rusy50 ca 
101 0 |a rus 
102 |a RU 
135 |a drcn ---uucaa 
181 0 |a i  
182 0 |a b 
200 1 |a Математические тесты с классом правильных ответов  |f В. А. Томиленко, Д. И. Усольцев, Д. Н. Черепанов 
203 |a Текст  |c электронный 
225 1 |a Организация непрерывной математической подготовки, способствующей успешному освоению профессиональных дисциплин 
300 |a Заглавие с экрана 
320 |a [Библиогр.: с. 218 (1 назв.)] 
330 |a Рассматриваются тесты из задач с параметрами и классом правильных ответов. 
333 |a Режим доступа: по договору с организацией-держателем ресурса 
463 |t Современное образование: практико-ориентированные технологии подготовки инженерных кадров  |o материалы международной научно-методической конференции, 29-30 января 2015 г., Томск  |f Томский государственный университет систем управления и радиоэлектроники (ТУСУР)  |v [С. 217-218]  |d 2015 
610 1 |a труды учёных ТПУ 
610 1 |a электронный ресурс 
610 1 |a математические тексты 
610 1 |a тестирование 
610 1 |a тестирующие программы 
610 1 |a тестовые задания 
700 1 |a Томиленко  |b В. А.  |g Владимио Алексеевич 
701 1 |a Усольцев  |b Д. И.  |g Дмитрий Иванович 
701 1 |a Черепанов  |b Д. Н.  |c физик  |c доцент Томского политехнического университета, кандидат физико-математических наук  |f 1969-  |g Дмитрий Николаевич  |3 (RuTPU)RU\TPU\pers\36246 
712 0 2 |a Национальный исследовательский Томский политехнический университет (ТПУ)  |b Институт международного образования и языковой коммуникации (ИМОЯК)  |b Кафедра междисциплинарная (МД)  |3 (RuTPU)RU\TPU\col\19012 
801 2 |a RU  |b 63413507  |c 20160229  |g RCR 
850 |a 63413507 
856 4 |u https://www.elibrary.ru/item.asp?id=23351807  |z https://www.elibrary.ru/item.asp?id=23351807 
942 |c CF